[Event "Bucharest Romgaz op 2nd"]
[Site "Bucharest"]
[Date "2008.09.17"]
[Round "7"]
[White "Barzanu, Iulian"]
[Black "Cernea, Radu"]
[Result "1-0"]
[WhiteElo "2246"]
[BlackElo "2072"]
[PlyCount "49"]
[EventDate "2008.09.11"]
[EventType "swiss"]
[EventRounds "9"]
[EventCountry "ROU"]
[SourceTitle "CBM 126 Extra"]
[Source "ChessBase"]
[SourceDate "2008.11.05"]
[SourceVersion "1"]
[SourceVersionDate "2008.11.05"]
[SourceQuality "1"]

1. e4 c5 2. Nf3 d6 3. d4 cxd4 4. Nxd4 Nf6 5. Nc3 g6 6. Be3 Bg7 7. f3 0-0 8. Qd2 Nc6 9. Bc4 Bd7 10. Bb3 Rc8 11. h4 h5 12. 0-0-0 Ne5 13. Kb1 Nc4 14. Bxc4 Rxc4 15. g4 Rc5 16. Nb3 Rc8 17. e5 Ne8 18. gxh5 gxh5 19. Rhg1 Bf5 20. Nd4 Qd7 21. Bh6 dxe5 22. Nxf5 Qxf5 23. Rg5 Qh7 24. Bxg7 f6 25. Bxf6+ 1-0

[Event "Bucharest November"]
[Site "Bucharest"]
[Date "2003.11.18"]
[Round "6"]
[White "Cernea, Radu"]
[Black "Baciu, Anca Otilia"]
[Result "0-1"]
[WhiteElo "2105"]
[BlackElo "2126"]
[PlyCount "78"]
[EventDate "2003.11.13"]
[EventType "tourn"]
[EventRounds "9"]
[EventCountry "ROU"]
[SourceTitle "EXT 2008"]
[Source "ChessBase"]
[SourceDate "2007.11.25"]
[SourceVersion "1"]
[SourceVersionDate "2007.11.25"]
[SourceQuality "1"]

1. d4 Nf6 2. c4 e6 3. Nc3 Bb4 4. Qc2 c5 5. e3 Nc6 6. a3 Bxc3+ 7. Qxc3 b6 8. Bd3 0-0 9. Ne2 Bb7 10. b3 cxd4 11. exd4 d5 12. Bg5 dxc4 13. bxc4 Rc8 14. Rd1 Ne4 15. Bxe4 Qxg5 16. Qh3 Qa5+ 17. Nc3 f5 18. Bc2 Ne7 19. 0-0 Rxc4 20. Rd3 Rf6 21. Bb3 Rc8 22. Qe3 f4 23. Bxe6+ Kh8 24. Qe1 Rd8 25. d5 Ba6 26. d6 Bxd3 27. dxe7 Re8 28. Bd7 f3 29. Bxe8 fxg2 30. Bb5 gxf1Q+ 31. Qxf1 Bxb5 32. Qc4 Be8 33. Qc8 Qg5+ 34. Kf1 Qh5 35. Nd5 Qd1+ 36. Kg2 Rg6+ 37. Kh3 Qf3+ 38. Kh4 Qxf2+ 39. Kh3 Qf3+ 0-1

[Event "Bucharest November"]
[Site "Bucharest"]
[Date "2003.11.17"]
[Round "5"]
[White "Bodescu, Marius"]
[Black "Cernea, Radu"]
[Result "1-0"]
[WhiteElo "2204"]
[BlackElo "2105"]
[PlyCount "75"]
[EventDate "2003.11.13"]
[EventType "tourn"]
[EventRounds "9"]
[EventCountry "ROU"]
[SourceTitle "EXT 2008"]
[Source "ChessBase"]
[SourceDate "2007.11.25"]
[SourceVersion "1"]
[SourceVersionDate "2007.11.25"]
[SourceQuality "1"]

1. Nf3 Nf6 2. g3 g6 3. Bg2 Bg7 4. 0-0 0-0 5. d3 d6 6. Nbd2 c6 7. Rb1 h6 8. e4 e5 9. b4 Be6 10. c4 b5 11. h3 a5 12. a3 axb4 13. axb4 Ra4 14. d4 Nh5 15. d5 cxd5 16. cxd5 Bd7 17. Kh2 Na6 18. Rb3 Qc7 19. Ba3 Rc8 20. Nb1 Qa7 21. Nc3 Nc5 22. bxc5 Rxa3 23. c6 Rxb3 24. Qxb3 Be8 25. Qxb5 Rb8 26. Qc4 Bf8 27. Kg1 Nxg3 28. Nb5 Qb6 29. Rb1 Nh5 30. Nc3 Qc5 31. Qxc5 Rxb1+ 32. Nxb1 dxc5 33. Nxe5 Bd6 34. Nc4 Bb8 35. e5 Nf4 36. d6 Ne6 37. Nc3 Kf8 38. Nb5 1-0

[Event "Bucharest Astral op"]
[Site "Bucharest"]
[Date "2001.04.27"]
[Round "7"]
[White "Cernea, Radu"]
[Black "Bondoc, Dan Vladimir"]
[Result "0-1"]
[WhiteElo "2116"]
[BlackElo "2269"]
[PlyCount "104"]
[EventDate "2001.04.22"]
[EventType "swiss"]
[EventRounds "9"]
[EventCountry "ROU"]
[SourceTitle "CBM 082 Extra"]
[Source "ChessBase"]
[SourceDate "2001.07.03"]
[SourceVersion "1"]
[SourceVersionDate "2001.07.03"]
[SourceQuality "1"]

1. d4 Nf6 2. c4 e6 3. Nc3 Bb4 4. e3 0-0 5. Nge2 b6 6. a3 Be7 7. Nf4 Bb7 8. Bd3 d5 9. cxd5 exd5 10. 0-0 Re8 11. b4 Nbd7 12. Bb2 Nf8 13. Rc1 a6 14. Qc2 Ng6 15. Nxg6 hxg6 16. Ne2 Bd6 17. Ng3 Ng4 18. h3 Nxe3 19. fxe3 Bxg3 20. Rf3 Bd6 21. Rcf1 f5 22. Bc3 Re6 23. Be1 Qe7 24. Bg3 Re8 25. Bf4 Rc8 26. Qf2 c5 27. g4 Bxf4 28. exf4 Re4 29. bxc5 bxc5 30. Bxe4 dxe4 31. Rc3 c4 32. Rb1 Qc7 33. g5 Bd5 34. Kh2 Qd6 35. Kg3 Rb8 36. Qc2 Kh7 37. Rb2 Rb3 38. Rbxb3 cxb3 39. Qb2 Qb6 40. Re3 a5 41. h4 Qb5 42. Kf2 Qc4 43. Rh3 a4 44. h5 gxh5 45. Rxh5+ Kg6 46. Rh3 Bb7 47. d5 e3+ 48. Kg3 Qxd5 49. Rh6+ Kf7 50. g6+ Ke6 51. Rh4 Qf3+ 52. Kh2 Qf2+ 0-1

[Event "Ciocaltea Memorial op"]
[Site "Bucharest"]
[Date "2000.??.??"]
[Round "5"]
[White "Manea, Alexandru"]
[Black "Cernea, Radu"]
[Result "1-0"]
[WhiteElo "2239"]
[BlackElo "2139"]
[PlyCount "66"]
[EventDate "2000.02.??"]
[EventType "swiss"]
[EventRounds "7"]
[EventCountry "ROU"]
[SourceTitle "EXT 2001"]
[Source "ChessBase"]
[SourceDate "2000.11.22"]
[SourceVersion "1"]
[SourceVersionDate "2000.11.22"]
[SourceQuality "1"]

1. e4 c5 2. Ne2 d6 3. Nbc3 Nc6 4. d4 cxd4 5. Nxd4 Nf6 6. Be2 g6 7. 0-0 Bg7 8. Nb3 0-0 9. Bg5 h6 10. Bh4 a6 11. Re1 b5 12. Bf1 e6 13. a4 b4 14. Na2 Qc7 15. Rc1 Bb7 16. c3 bxc3 17. Nxc3 Qb6 18. Ra1 Rac8 19. a5 Qc7 20. Rc1 Qd8 21. Ra1 Ne5 22. Ra4 Qd7 23. Rd4 Ne8 24. Na4 Rb8 25. Nb6 Qc7 26. Bg3 Rd8 27. Qd2 Nf6 28. h3 Nh7 29. Nc4 Ng5 30. Qd1 Nxc4 31. Rxc4 Qd7 32. f4 Nh7 33. Qd2 Nf6 1-0

[Event "Centrocoop Sept op"]
[Site "Eforie Nord"]
[Date "1999.09.??"]
[Round "?"]
[White "Seder, Nicolae"]
[Black "Cernea, Radu"]
[Result "0-1"]
[WhiteElo "2303"]
[BlackElo "2140"]
[PlyCount "60"]
[EventDate "1999.09.??"]
[EventType "swiss"]
[EventRounds "11"]
[EventCountry "ROU"]
[SourceTitle "EXT 2004"]
[Source "ChessBase"]
[SourceDate "2003.11.25"]
[SourceVersion "1"]
[SourceVersionDate "2003.11.25"]
[SourceQuality "1"]

1. e4 d6 2. d4 g6 3. Nc3 Bg7 4. f4 Nf6 5. Nf3 0-0 6. a4 Na6 7. Be3 c5 8. Bxa6 cxd4 9. Bxd4 bxa6 10. 0-0 Bb7 11. Qd3 Qc7 12. Rae1 Qc6 13. Kh1 Rac8 14. Nd2 e6 15. Bxa7 e5 16. f5 Rfd8 17. fxg6 hxg6 18. Nb3 Qd7 19. Bb6 Re8 20. Na5 Ba8 21. Qxa6 d5 22. exd5 Nxd5 23. Rd1 Rxc3 24. bxc3 Qg4 25. Qb5 Nc7 26. Qc6 Bxc6 27. Nxc6 Qe6 28. Bxc7 Qxc6 29. Ba5 e4 30. Bb4 e3 0-1